[Event "LTU-ch (Women)"]
[Site "Kaunas"]
[Date "2018.03.07"]
[Round "6"]
[White "Simkunaite, Gabija"]
[Black "Radzvilaviciene, Daiva"]
[Result "1/2-1/2"]
[WhiteElo "1725"]
[BlackElo "1642"]
[PlyCount "93"]
[EventDate "2018.03.02"]
[EventType "swiss"]
[EventRounds "7"]
[EventCountry "LTU"]
[SourceTitle "EXT 2019"]
[Source "ChessBase"]
[SourceDate "2018.10.10"]
[SourceVersion "1"]
[SourceVersionDate "2018.10.10"]
[SourceQuality "1"]

1. e4 c6 2. d4 d5 3. exd5 cxd5 4. c4 Nf6 5. Nc3 Nc6 6. Nf3 e6 7. Be2 dxc4 8. Bxc4 a6 9. 0-0 Be7 10. h3 0-0 11. Be3 b5 12. Be2 Nb4 13. a3 Nbd5 14. Nxd5 Nxd5 15. Qd3 Bb7 16. Bd2 h6 17. Ne5 Nf6 18. Rad1 Rc8 19. Bc1 Bd6 20. Qg3 Kh7 21. Bd3+ Be4 22. Bxe4+ Nxe4 23. Qd3 f5 24. Bf4 Bxe5 25. Bxe5 g6 26. Rc1 Nf6 27. Rc2 Nd5 28. Rfc1 Qd7 29. Rc5 Rxc5 30. Rxc5 Rc8 31. Qc2 Rxc5 32. Qxc5 Kg8 33. Kf1 Kf7 34. Qc1 g5 35. h4 Kg6 36. hxg5 hxg5 37. Qc5 Kf7 38. b4 Ne7 39. Bd6 Nd5 40. g3 Kg6 41. Be5 Kf7 42. Qc1 Kg6 43. Qc2 Nf6 44. Bxf6 Kxf6 45. Qc5 Qb7 46. Qe5+ Kf7 47. Ke2 1/2-1/2

[Event "WchT Amateur"]
[Site "Kaunas"]
[Date "2016.11.28"]
[Round "9.1"]
[White "Pirrello, Christian"]
[Black "Radzvilaviciene, Daiva"]
[Result "1-0"]
[WhiteElo "1978"]
[BlackElo "1574"]
[PlyCount "87"]
[EventDate "2016.11.20"]
[EventType "team-swiss"]
[EventRounds "9"]
[EventCountry "LTU"]
[SourceTitle "CBM 175 Extra"]
[Source "ChessBase"]
[SourceDate "2016.12.12"]
[SourceVersion "1"]
[SourceVersionDate "2016.12.12"]
[SourceQuality "1"]
[WhiteTeam "Italy"]
[BlackTeam "Lithuania Margiris (W)"]
[WhiteTeamCountry "ITA"]
[BlackTeamCountry "LTU"]

1. d4 d5 2. c4 c6 3. cxd5 cxd5 4. Nc3 Nc6 5. Bf4 Nf6 6. e3 Bf5 7. Nf3 Qb6 8. a3 e6 9. Qd2 Be7 10. Be2 0-0 11. 0-0 Na5 12. Na4 Qd8 13. Qd1 Rc8 14. Rc1 Nc4 15. Qb3 Na5 16. Qa2 Ne4 17. b4 Nc6 18. h3 Bd6 19. Bxd6 Nxd6 20. Nc3 h6 21. Rfd1 Qe7 22. Qb3 Rfd8 23. Qa4 b6 24. Nxd5 exd5 25. Rxc6 Bd7 26. b5 Bxc6 27. bxc6 Rc7 28. Rc1 Qe6 29. Ne5 Nc8 30. Ba6 Ne7 31. Bb7 Nc8 32. Nd3 Qd6 33. Nb4 Re7 34. Qa6 Rc7 35. Qb5 Qe6 36. Na6 Re7 37. c7 Rd6 38. Nb4 Re8 39. Nxd5 a6 40. Qxe8+ Qxe8 41. Bxc8 Rxd5 42. Bb7 Rd8 43. cxd8Q Qxd8 44. Rc8 1-0

[Event "WchT Amateur"]
[Site "Kaunas"]
[Date "2016.11.24"]
[Round "5.1"]
[White "Aleknavicius, Andrius"]
[Black "Radzvilaviciene, Daiva"]
[Result "1/2-1/2"]
[WhiteElo "1557"]
[BlackElo "1574"]
[PlyCount "38"]
[EventDate "2016.11.20"]
[EventType "team-swiss"]
[EventRounds "9"]
[EventCountry "LTU"]
[SourceTitle "CBM 175 Extra"]
[Source "ChessBase"]
[SourceDate "2016.12.12"]
[SourceVersion "1"]
[SourceVersionDate "2016.12.12"]
[SourceQuality "1"]
[WhiteTeam "Lithuania GAJA"]
[BlackTeam "Lithuania Margiris (W)"]
[WhiteTeamCountry "LTU"]
[BlackTeamCountry "LTU"]

1. d4 d5 2. Bf4 Nf6 3. Nf3 e6 4. e3 Bd6 5. Bg3 Bxg3 6. hxg3 Nbd7 7. Bd3 c6 8. c3 b6 9. Nbd2 Bb7 10. Qe2 Qc7 11. a4 c5 12. 0-0 0-0 13. e4 dxe4 14. Nxe4 cxd4 15. Nxd4 Nxe4 16. Bxe4 Nf6 17. Nb5 Qe7 18. Bxb7 Qxb7 19. Nd6 Qc6 1/2-1/2

[Event "WchT Amateur"]
[Site "Kaunas"]
[Date "2016.11.21"]
[Round "2.1"]
[White "Radzvilaviciene, Daiva"]
[Black "Prigodin, Ruslan"]
[Result "0-1"]
[WhiteElo "1574"]
[BlackElo "1975"]
[PlyCount "104"]
[EventDate "2016.11.20"]
[EventType "team-swiss"]
[EventRounds "9"]
[EventCountry "LTU"]
[SourceTitle "CBM 175 Extra"]
[Source "ChessBase"]
[SourceDate "2016.12.12"]
[SourceVersion "1"]
[SourceVersionDate "2016.12.12"]
[SourceQuality "1"]
[WhiteTeam "Lithuania Margiris (W)"]
[BlackTeam "Lithuania AG"]
[WhiteTeamCountry "LTU"]
[BlackTeamCountry "LTU"]

1. d4 Nf6 2. c4 e6 3. Nf3 b6 4. g3 Bb7 5. Bg2 Be7 6. 0-0 0-0 7. Nc3 d6 8. Re1 Ne4 9. Qc2 Nxc3 10. Qxc3 Nd7 11. e4 c5 12. d5 Bf6 13. Qc2 exd5 14. cxd5 Ne5 15. Nxe5 Bxe5 16. f4 Bd4+ 17. Be3 Qf6 18. Bxd4 Qxd4+ 19. Kh1 f6 20. Rad1 Qb4 21. Qd2 Qxd2 22. Rxd2 Rfe8 23. Kg1 Re7 24. Kf2 Rae8 25. Rde2 Bc8 26. Re3 g5 27. f5 b5 28. g4 Bb7 29. Bf1 a6 30. b3 Rc8 31. Rc1 Rce8 32. Rce1 Rc7 33. Rc1 Ra8 34. Kf3 b4 35. Bc4 Bc8 36. h4 h6 37. hxg5 hxg5 38. Rh1 Rh7 39. Rxh7 Kxh7 40. Ke2 Bd7 41. Rh3+ Kg7 42. Rh1 Bb5 43. Kd3 Re8 44. a4 bxa3 45. Ra1 Bxc4+ 46. bxc4 Rh8 47. Kc2 Rh2+ 48. Kb3 Rh3+ 49. Kc2 Re3 50. Kd2 Rxe4 51. Rxa3 Rxc4 52. Rxa6 Rd4+ 0-1

[Event "Kaunas Butnorius 70 op"]
[Site "Kaunas"]
[Date "2016.08.05"]
[Round "8"]
[White "Ostreika, Mironas"]
[Black "Radzvilaviciene, Daiva"]
[Result "1/2-1/2"]
[WhiteElo "1439"]
[BlackElo "1565"]
[PlyCount "49"]
[EventDate "2016.08.01"]
[EventType "swiss"]
[EventRounds "9"]
[EventCountry "LTU"]
[SourceTitle "CBM 173 Extra"]
[Source "ChessBase"]
[SourceDate "2016.08.29"]
[SourceVersion "1"]
[SourceVersionDate "2016.08.29"]
[SourceQuality "1"]

1. e4 c6 2. d4 d5 3. Nc3 dxe4 4. Nxe4 Bf5 5. Ng3 Bg6 6. h4 h6 7. h5 Bh7 8. Nf3 e6 9. Bd3 Bxd3 10. Qxd3 Qc7 11. Ne4 Nd7 12. g3 Ngf6 13. Bf4 Qa5+ 14. Bd2 Qb6 15. Nxf6+ Nxf6 16. Ke2 0-0-0 17. c3 Bd6 18. a4 e5 19. a5 Qc7 20. Qf5+ Qd7 21. Qxd7+ Nxd7 22. dxe5 Nxe5 23. Nxe5 Bxe5 24. Be3 Rhe8 25. Kf3 1/2-1/2

[Event "Kaunas Butnorius 70 op"]
[Site "Kaunas"]
[Date "2016.08.05"]
[Round "7"]
[White "Radzvilaviciene, Daiva"]
[Black "Grinberg, Iosif P"]
[Result "0-1"]
[WhiteElo "1565"]
[BlackElo "2098"]
[PlyCount "70"]
[EventDate "2016.08.01"]
[EventType "swiss"]
[EventRounds "9"]
[EventCountry "LTU"]
[SourceTitle "CBM 173 Extra"]
[Source "ChessBase"]
[SourceDate "2016.08.29"]
[SourceVersion "1"]
[SourceVersionDate "2016.08.29"]
[SourceQuality "1"]

1. d4 Nf6 2. Nf3 e6 3. g3 c5 4. Bg2 Nc6 5. e3 d5 6. 0-0 Be7 7. c3 0-0 8. Nbd2 Rb8 9. dxc5 Bxc5 10. Nb3 Bd6 11. Nfd4 a6 12. f4 Nxd4 13. cxd4 b6 14. Nd2 a5 15. Bf3 Ba6 16. Be2 Bxe2 17. Qxe2 Rc8 18. Nf3 Qd7 19. Ne1 Rc7 20. Nd3 Rfc8 21. Qd1 Qb5 22. a4 Qc4 23. Rf2 Ne4 24. Re2 h6 25. Kg2 Qa6 26. Kf3 Rc6 27. Rg2 R8c7 28. h3 Qc8 29. h4 Bb4 30. Rg1 Rc2 31. Rg2 Rxg2 32. Kxg2 Rc2+ 33. Kf3 h5 34. g4 Qc4 35. gxh5 f5 0-1

[Event "Kaunas Butnorius 70 op"]
[Site "Kaunas"]
[Date "2016.08.03"]
[Round "4"]
[White "Krupa, Miroslav"]
[Black "Radzvilaviciene, Daiva"]
[Result "1-0"]
[WhiteElo "1808"]
[BlackElo "1565"]
[PlyCount "49"]
[EventDate "2016.08.01"]
[EventType "swiss"]
[EventRounds "9"]
[EventCountry "LTU"]
[SourceTitle "CBM 173 Extra"]
[Source "ChessBase"]
[SourceDate "2016.08.29"]
[SourceVersion "1"]
[SourceVersionDate "2016.08.29"]
[SourceQuality "1"]

1. e4 c6 2. d4 d5 3. Nc3 dxe4 4. Nxe4 Bf5 5. Ng3 Bg6 6. h4 h6 7. h5 Bh7 8. Nf3 Nd7 9. Bd3 Bxd3 10. Qxd3 e6 11. Bf4 Ngf6 12. 0-0-0 Nd5 13. Bd2 Qc7 14. Kb1 0-0-0 15. c3 c5 16. c4 N5f6 17. Qe2 cxd4 18. Nxd4 Bc5 19. Nb5 Qb6 20. Bf4 Nb8 21. Rxd8+ Rxd8 22. Bc7 Qc6 23. Bxd8 Kxd8 24. Rd1+ Ke7 25. Nf5+ 1-0

[Event "Kaunas Butnorius 70 op"]
[Site "Kaunas"]
[Date "2016.08.03"]
[Round "5"]
[White "Radzvilaviciene, Daiva"]
[Black "Marcinkeviciene, Egle"]
[Result "1/2-1/2"]
[WhiteElo "1565"]
[BlackElo "1599"]
[PlyCount "47"]
[EventDate "2016.08.01"]
[EventType "swiss"]
[EventRounds "9"]
[EventCountry "LTU"]
[SourceTitle "CBM 173 Extra"]
[Source "ChessBase"]
[SourceDate "2016.08.29"]
[SourceVersion "1"]
[SourceVersionDate "2016.08.29"]
[SourceQuality "1"]

1. d4 Nf6 2. Nf3 e6 3. g3 d5 4. Bg2 c6 5. c4 Nbd7 6. cxd5 cxd5 7. Nc3 Be7 8. 0-0 0-0 9. h3 b6 10. Ne5 Bb7 11. f4 Ne8 12. Qa4 Nb8 13. Rd1 f6 14. Nd3 Bc6 15. Qb3 Nc7 16. e3 Qd7 17. Bd2 Nb5 18. a4 Nxc3 19. Bxc3 Na6 20. Rdc1 Rab8 21. Qd1 Nc7 22. Bb4 Bb7 23. Bxe7 Qxe7 24. Qb3 1/2-1/2